| 000 | 00639nam a2200217 i 4500 | ||
|---|---|---|---|
| 001 | 89290 | ||
| 003 | ES-MaACL | ||
| 005 | 20230906180134.0 | ||
| 007 | t| | ||
| 008 | 050105s1977 sp ||||1| spa d | ||
| 100 | 1 |
_aLapassade, Georges. _970137 |
|
| 245 | 1 | 0 |
_aGrupos, organizaciones e instituciones / _cGeorges Lapassade ; [traducción, Hugo Acevedo]. |
| 250 | _a[1ª ed.]. | ||
| 260 |
_a[Barcelona : _bGranica, _c1977] |
||
| 300 |
_a326 p. ; _c21 cm. |
||
| 490 | 1 | _aHombre y sociedad | |
| 700 | 1 |
_aAcevedo, Hugo. _918235 |
|
| 830 | 0 |
_aHombre y sociedad _9182556 |
|
| 852 |
_aES-MaACL _jA-7144 _bR.96036 |
||
| 999 |
_c89290 _d89290 |
||